Listening woman /

Indian policeman Joe Leaphorn enters on the strangest case of his career when an old Indian soothsayer and a young Indian girl are found murdered, and ends up investigating the strange kidnapping of a group of Boy Scouts and evading a plot on his own life.

Bibliographic Details
Main Author: Hillerman, Tony
Format: Book
Language:English
Published: New York : Harper & Row, ©1978.
Edition:1st ed.
Subjects:

MARC

Tag First Indicator Second Indicator Subfields
LEADER 00000cam a2200000 i 4500
001 in00000098755
005 20170822122022.0
008 770914s1978 nyu 000 1 eng
010 |a  77011788  
035 |a (OCoLC)ocm03311741 
035 |a (OCoLC)03311741 
035 |9 AAK9878AM 
040 |a DLC  |b eng  |c DLC  |d OCL  |d OCLCQ  |d BAKER  |d BTCTA  |d YDXCP  |d VOV  |d OCLCO  |d OCLCF  |d OCLCQ  |d OCLCO  |d JTH  |d NZAUC  |d OCLCO  |d OCL 
020 |a 0060119012 
020 |a 9780060119010 
020 |a 9781442079984  |q (Paw Prints) 
020 |a 1442079983  |q (Paw Prints) 
035 |a (OCoLC)3311741 
043 |a n-ust-- 
050 0 0 |a PZ4.H65  |b Li  |a PS3558.I45 
082 0 0 |a 813/.5/4 
090 |a PS3558.I45  |b L77 1978 
049 |a TXAM 
100 1 |a Hillerman, Tony. 
245 1 0 |a Listening woman /  |c Tony Hillerman. 
250 |a 1st ed. 
260 |a New York :  |b Harper & Row,  |c ©1978. 
300 |a 200 pages ;  |c 21 cm 
336 |a text  |b txt  |2 rdacontent 
337 |a unmediated  |b n  |2 rdamedia 
338 |a volume  |b nc  |2 rdacarrier 
500 |a "A Joan Kahn book." 
520 |a Indian policeman Joe Leaphorn enters on the strangest case of his career when an old Indian soothsayer and a young Indian girl are found murdered, and ends up investigating the strange kidnapping of a group of Boy Scouts and evading a plot on his own life. 
650 0 |a Leaphorn, Joe, Lt. (Fictitious character)  |v Fiction. 
650 0 |a Police  |z Southwestern States  |v Fiction. 
650 0 |a Indian reservation police  |v Fiction. 
650 0 |a Navajo Indians  |v Fiction. 
651 0 |a Southwestern States  |v Fiction. 
650 7 |a Indian reservation police.  |2 fast  |0 (OCoLC)fst00969190 
650 7 |a Leaphorn, Joe, Lt. (Fictitious character)  |2 fast  |0 (OCoLC)fst00994801 
650 7 |a Navajo Indians.  |2 fast  |0 (OCoLC)fst01034799 
650 7 |a Police.  |2 fast  |0 (OCoLC)fst01068398 
651 7 |a United States  |z Southwestern States.  |2 fast  |0 (OCoLC)fst01244559 
655 7 |a Detective and mystery fiction.  |2 fast  |0 (OCoLC)fst01726581 
655 7 |a Fiction.  |2 fast  |0 (OCoLC)fst01423787 
655 7 |a Mystery fiction.  |2 gsafd 
655 7 |a Detective and mystery fiction.  |2 lcgft 
994 |a C0  |b TXA 
999 f f |s 8b2d0f17-79fc-3d67-bae8-ddd033efc22d  |i 2b5c7675-32fe-3182-847b-d07f7879866f  |t 0 
952 f f |p normal  |a Texas A&M University  |b College Station  |c Sterling C. Evans Library  |d Evans: Curriculum Collection (4th floor)  |t 0  |e PS3558.I45 L77 1978  |h Library of Congress classification  |i unmediated -- volume  |m A14806033341 
998 f f |a PS3558.I45 L77 1978  |t 0  |l Evans: Curriculum Collection (4th floor)